Statistics for Common Birds Quiz 2

Click here to take the quiz!

General Stats

  • This quiz has been taken 7 times
  • The average score is 9 of 16

Answer Stats

Answer% Correct
Raven
100%
Canada Goose
83%
Blackbird
67%
Blue Tit
67%
Golden Eagle
67%
Macaw
67%
Robin
67%
Cuckoo
50%
Grey Heron
50%
Roadrunner
50%
Woodpigeon
50%
Arctic Tern
33%
Great Grey Owl
33%
Griffon Vulture
33%
Hoopoe
33%
Kestrel
33%

Score Distribution

Percentile by Number Answered

Percent of People with Each Score

Your Score History

You have not taken this quiz